U.S. States Bordering Illinois - Map Quiz - Statistics

General Stats
  • This quiz has been taken 977 times
  • The average score is 5 of 5
Answers on the Map
Answers color-coded by a green-red scale on the quiz's map according to % correct below.
 
Answer Stats
Answer % Correct
Indiana
95%
Kentucky
94%
Wisconsin
93%
Iowa
92%
Missouri
90%
No matching quizzes found
Score Distribution
Percent of People with Each Score
Percentile by Number Answered
Your Score History
You have not taken this quiz